000 00337nam a2200145Ia 4500
008 150201s2011 xx 000 0 und d
082 _a614
_bC11S
100 _aSUNDERLAL
245 _aTB. OF COMMUNITY MEDICINE
250 _a3RD
260 _bCBS
_aDELHI
_c2011
300 _a1-756
650 _aCOMMUNITY MEDICINE
942 _2ddc
_cBK
_01
999 _c1276
_d1276